[Event "SRB-chT3 South"]
[Site "Serbia"]
[Date "2017.10.13"]
[Round "7.3"]
[White "Cvetkovic, Darko"]
[Black "Trickovic, Vladimir"]
[Result "0-1"]
[WhiteElo "1676"]
[BlackElo "2057"]
[PlyCount "78"]
[EventDate "2017.09.03"]
[EventType "team-tourn"]
[EventRounds "11"]
[EventCountry "SRB"]
[SourceTitle "EXT 2022"]
[Source "ChessBase"]
[SourceDate "2021.10.06"]
[SourceVersion "1"]
[SourceVersionDate "2021.10.06"]
[SourceQuality "1"]

1. e4 c5 2. Nc3 d6 3. Nf3 Nf6 4. Bc4 Nc6 5. h3 g6 6. d3 Bg7 7. 0-0 0-0 8. a3 a6 9. Bg5 b5 10. Bb3 Bb7 11. Nd5 Nxd5 12. exd5 Na7 13. Rb1 h6 14. Be3 Nc8 15. c4 Nb6 16. Qd2 Kh7 17. Ba2 a5 18. b3 b4 19. a4 e5 20. dxe6 fxe6 21. Nh2 Qh4 22. Rbd1 Bd4 23. Bb1 e5 24. Qe2 h5 25. Rfe1 Rf5 26. Bxd4 cxd4 27. f3 Raf8 28. Qf2 Qg5 29. Kh1 Rf4 30. Rc1 Nd7 31. Bc2 Qh6 32. Rf1 Nc5 33. Qe2 Qg5 34. Qf2 Ne6 35. Bd1 R4f7 36. Bc2 Ng7 37. Bb1 Nf5 38. Kg1 Ne3 39. Rfe1 Bxf3 0-1

[Event "SRB-chT3 South"]
[Site "Serbia"]
[Date "2017.10.13"]
[Round "8.3"]
[White "Vidanovic, Ljubisa"]
[Black "Cvetkovic, Darko"]
[Result "1-0"]
[WhiteElo "1801"]
[BlackElo "1676"]
[PlyCount "85"]
[EventDate "2017.09.03"]
[EventType "team-tourn"]
[EventRounds "11"]
[EventCountry "SRB"]
[SourceTitle "EXT 2022"]
[Source "ChessBase"]
[SourceDate "2021.10.06"]
[SourceVersion "1"]
[SourceVersionDate "2021.10.06"]
[SourceQuality "1"]

1. d4 d5 2. c4 e6 3. Nc3 Bb4 4. e3 Nf6 5. cxd5 exd5 6. Bd3 0-0 7. Nge2 Nc6 8. 0-0 Bg4 9. f3 Be6 10. Nf4 Qd7 11. Qc2 Rfe8 12. a3 Ba5 13. Na4 Bb6 14. Nc5 Bxc5 15. Qxc5 a6 16. Bd2 Ne7 17. Nxe6 fxe6 18. Rfe1 Qc6 19. Rac1 Qxc5 20. Rxc5 c6 21. Rb1 Nf5 22. Rc3 Nd6 23. a4 Rec8 24. Rbc1 Rc7 25. R3c2 Rd7 26. Bb4 Nf7 27. Bc5 e5 28. Bf5 Rdd8 29. dxe5 Nxe5 30. Bd4 Ned7 31. g4 g6 32. Be6+ Kf8 33. g5 Nh5 34. Bg4 Ng7 35. e4 dxe4 36. fxe4 Kg8 37. Rf1 Nf6 38. Bxf6 Rd3 39. Be2 Re3 40. Bc4+ Kh8 41. Rcf2 Rxe4 42. Bxg7+ Kxg7 43. Rf7+ 1-0